00302nam a2200109Ia 4500008004100000041000800041082001000049100002700059245004500086260004400131650001700175240830s1987 xx 000 0 und d aeng a0 GUN aGUNE GANGADHAR SHASTRI aAYURVEDIYA AUSHDHIDHARM SHASTRA PART - 4 bSAU.L.P.VAIDYA KHADIVALE, PUNE.30c1987 aRASA-SHASTRA